00844cam a2200193 a 450000100100000000500170001000800410002704000250006808200200009324500270011326000410014030000210018144000880020265000540029065000560034495201170040095201180051799900150063500000260120200929150224.0920323s1985 cl b 000 0 spa  aDO-SdBNPbspacBNPHU a808.8132bC229r03aEl cantar de Roldán. aSantiago de Chile :bErcilla,c1985. a139 p. ;c18 cm. 0aBiblioteca Ercilla :pLos mejores libros de la literatura universal ;vno. 3098200 4aPoesía épicaxTraducciones al español98201 4aCanciones de gestaxTraducciones al español98202 001050718MOaGRbGRcHDd2009-07-06iLF1l0o808.8132 C229rp2601-10r2020-06-25w2020-06-25y1ZNo se presta 0010507-18MOaGRbGRcOId2017-05-29iLF1l0o808.8132 C229rp2601-20r2020-06-25w2020-06-25y1ZNo se presta c2437d2437